Catálogo - Centro de Recursos para el Aprendizaje y la Investigación

Volver al Sitio - CRAI Biblioteca
Vista normal Vista MARC

Entrada Término temático

Número de registros utilizados en: 1

001 - NÚMERO DE CONTROL

  • campo de control: 204786

003 - IDENTIFICADOR DEL NÚMERO DE CONTROL

  • campo de control: DR-UNIBE

005 - FECHA Y HORA DE LA ÚLTIMA TRANSACCIÓN

  • campo de control: 20260511112631.0

008 - DATOS DE LONGITUD FIJA

  • campo de control de longitud fija: 260511|| aca||aabn | a|a d

040 ## - FUENTE DE LA CATALOGACIÓN

  • Centro catalogador/agencia de origen: DR-UNIBE
  • Centro/agencia transcriptor: DR-UNIBE

650 ## -

  • : Terrorismo
  • : Países árabes

670 ## - FUENTE DE DATOS ENCONTRADOS

  • Cita de la fuente: Work cat.: (DR-UNIBE)114633: Salas, Antonio, 1937- autor 204760, El palestino /, 2010